[Event "3MCRV_F"]
[Site "?"]
[Date "2003.??.??"]
[Round "?"]
[White "Juhasz, Jozef"]
[Black "Pytlik, Lesek"]
[Result "0-1"]
[WhiteElo "2188"]
[BlackElo "2316"]
[PlyCount "42"]
[EventDate "2003.??.??"]
[EventType "corr"]

1. e4 e6 2. d4 d5 3. Nc3 Bb4 4. e5 c5 5. a3 Ba5 6. Qg4 Ne7 7. Qxg7 Rg8 8. Qxh7
cxd4 9. b4 Bc7 10. Nb5 a6 11. Nxc7+ Qxc7 12. Qd3 Qxe5+ 13. Ne2 Qc7 14. Qxd4
Qxc2 15. Qd2 Qh7 16. Bb2 Nbc6 17. h4 e5 18. h5 d4 19. Rc1 Be6 20. Rc5 b6 21.
Ng3 bxc5 0-1

[Event "3MCRV_F"]
[Site "?"]
[Date "2003.??.??"]
[Round "?"]
[White "Sykora, Josef"]
[Black "Bures, Jilji"]
[Result "1/2-1/2"]
[WhiteElo "2365"]
[BlackElo "2295"]
[PlyCount "45"]
[EventDate "2003.??.??"]
[EventType "corr"]

1. e4 e6 2. d4 d5 3. Nc3 Nf6 4. Bg5 dxe4 5. Nxe4 Be7 6. Bxf6 Bxf6 7. Nf3 O-O 8.
Qd2 b6 9. O-O-O Bb7 10. Bd3 Nd7 11. h4 Be7 12. c3 c5 13. Neg5 h6 14. Bh7+ Kh8
15. Be4 Bxg5 16. Nxg5 Qc7 17. Bxb7 Qxb7 18. d5 exd5 19. Qxd5 Qxd5 20. Rxd5 Nf6
21. Rd2 Kg8 22. Nh3 Rfd8 23. Re1 1/2-1/2

[Event "3MCRV_F"]
[Site "?"]
[Date "2003.??.??"]
[Round "?"]
[White "Priesol, Daniel"]
[Black "Schwarz, Jan"]
[Result "1/2-1/2"]
[WhiteElo "2304"]
[BlackElo "2292"]
[PlyCount "47"]
[EventDate "2003.??.??"]
[EventType "corr"]

1. e4 g6 2. d4 Bg7 3. Nc3 c5 4. Nf3 cxd4 5. Nxd4 Nc6 6. Be3 Nf6 7. Bc4 O-O 8.
Bb3 d6 9. f3 Bd7 10. Qd2 Nxd4 11. Bxd4 b5 12. Nd5 Nxd5 13. Bxd5 Rc8 14. c3 a5
15. O-O Bxd4+ 16. Qxd4 e6 17. Bb3 a4 18. Bc2 Rc6 19. a3 e5 20. Qd2 Be6 21. f4
f6 22. Rad1 Qb6+ 23. Kh1 Kg7 24. Rf2 1/2-1/2

[Event "3MCRV_F"]
[Site "?"]
[Date "2003.??.??"]
[Round "?"]
[White "Sykora, Josef"]
[Black "Pytlik, Lesek"]
[Result "1/2-1/2"]
[WhiteElo "2365"]
[BlackElo "2316"]
[PlyCount "53"]
[EventDate "2003.??.??"]
[EventType "corr"]

1. e4 e6 2. d4 d5 3. Nc3 Nf6 4. Bg5 dxe4 5. Nxe4 Be7 6. Bxf6 Bxf6 7. Nf3 O-O 8.
Qd2 Nd7 9. O-O-O Be7 10. Bd3 b6 11. h4 Bb7 12. c3 c5 13. Neg5 h6 14. Bh7+ Kh8
15. Be4 Bxg5 16. Nxg5 Qc7 17. Bxb7 Qxb7 18. d5 exd5 19. Qxd5 Qxd5 20. Rxd5 Nf6
21. Rd2 Rae8 22. f3 Re5 23. Nh3 Rfe8 24. Rhd1 g5 25. hxg5 hxg5 26. Nf2 Kg7 27.
Kc2 1/2-1/2

[Event "3MCRV_F"]
[Site "?"]
[Date "2003.??.??"]
[Round "?"]
[White "Schwarz, Jan"]
[Black "Juhasz, Jozef"]
[Result "1-0"]
[WhiteElo "2292"]
[BlackElo "2188"]
[PlyCount "77"]
[EventDate "2003.??.??"]
[EventType "corr"]

1. e4 e5 2. Nf3 Nc6 3. Bc4 Nf6 4. Ng5 d5 5. exd5 Nxd5 6. d4 Be7 7. Nxf7 Kxf7 8.
Qf3+ Ke6 9. Nc3 Ncb4 10. Qe4 c6 11. a3 Na6 12. Qxe5+ Kf7 13. Nxd5 cxd5 14.
Bxd5+ Kf8 15. Qh5 Qe8 16. Qf3+ Bf6+ 17. Be3 Qb5 18. c4 Qa5+ 19. Bd2 Qb6 20. O-O
Be6 21. Bxb7 Rb8 22. Bxa6 Qxa6 23. d5 Bf7 24. Rac1 Rxb2 25. Rfd1 Qa4 26. Bb4+
Kg8 27. c5 h6 28. Qf5 Qe8 29. Re1 Qd8 30. c6 g6 31. Qh3 Qb6 32. c7 Qxf2+ 33.
Kh1 Kg7 34. d6 Rg8 35. d7 Bd5 36. Rg1 Qf5 37. Qxf5 gxf5 38. Bc3 Rxg2 39. d8=Q
1-0

[Event "3MCRV_F"]
[Site "?"]
[Date "2003.??.??"]
[Round "?"]
[White "Kuchta, Jiri"]
[Black "Brousek, Jiri"]
[Result "1/2-1/2"]
[WhiteElo "2299"]
[BlackElo "2361"]
[PlyCount "40"]
[EventDate "2003.??.??"]
[EventType "corr"]

1. Nf3 f5 2. d4 Nf6 3. c4 e6 4. g3 d5 5. Bg2 c6 6. O-O Bd6 7. Bf4 Bxf4 8. gxf4
O-O 9. Qd3 b6 10. Nbd2 Bb7 11. Ne5 Nbd7 12. cxd5 cxd5 13. Ndf3 Qe7 14. Nxd7
Nxd7 15. Rfc1 Rac8 16. Qe3 Nf6 17. Rxc8 Rxc8 18. Rc1 Rxc1+ 19. Qxc1 Qd6 20. Ne5
Nd7 1/2-1/2

[Event "3MCRV_F"]
[Site "?"]
[Date "2003.??.??"]
[Round "?"]
[White "Skalicky, Frantisek"]
[Black "Bures, Jilji"]
[Result "0-1"]
[WhiteElo "2306"]
[BlackElo "2295"]
[PlyCount "76"]
[EventDate "2003.??.??"]
[EventType "corr"]

1. e4 c5 2. Nf3 Nc6 3. d4 cxd4 4. Nxd4 Nf6 5. Nc3 e5 6. Ndb5 d6 7. Bg5 a6 8.
Na3 b5 9. Bxf6 gxf6 10. Nd5 Bg7 11. Bd3 Ne7 12. Ne3 f5 13. exf5 d5 14. c3 e4
15. Bc2 b4 16. Nb1 Bxf5 17. Nxf5 Nxf5 18. Bb3 Nh4 19. Qxd5 Qxd5 20. Bxd5 O-O-O
21. Bc4 Nxg2+ 22. Kf1 Nf4 23. Bxa6+ Kb8 24. Be2 Rd7 25. Rg1 Rhd8 26. Ke1 Be5
27. a3 bxc3 28. Nxc3 Rd2 29. Bc4 e3 30. Rg3 Nd3+ 31. Bxd3 Bxg3 32. fxg3 R8xd3
33. Rd1 h5 34. h3 f5 35. h4 Kb7 36. Rc1 Rg2 37. Rd1 Rxd1+ 38. Kxd1 Rxg3 0-1

[Event "3MCRV_F"]
[Site "?"]
[Date "2003.??.??"]
[Round "?"]
[White "Skalicky, Frantisek"]
[Black "Brousek, Jiri"]
[Result "1/2-1/2"]
[WhiteElo "2306"]
[BlackElo "2361"]
[PlyCount "78"]
[EventDate "2003.??.??"]
[EventType "corr"]

1. e4 e6 2. d4 d5 3. Nc3 dxe4 4. Nxe4 Bd7 5. Nf3 Bc6 6. Bd3 Nd7 7. O-O Ngf6 8.
Nxf6+ Qxf6 9. Be2 h6 10. c4 Be4 11. Be3 Qg6 12. Nh4 Qf6 13. Nf3 Qg6 14. Qb3 Bd6
15. Rad1 O-O 16. Bd3 Bxd3 17. Qxd3 Qxd3 18. Rxd3 c6 19. Rfd1 Rfd8 20. d5 exd5
21. cxd5 c5 22. Nh4 c4 23. R3d2 Nc5 24. Nf5 Nd3 25. b3 b5 26. bxc4 bxc4 27. Bd4
g6 28. Nxh6+ Kf8 29. Ng4 f5 30. Ne3 Bf4 31. Rc2 Bxe3 32. fxe3 Rac8 33. Bxa7
Rxd5 34. Bd4 Ke7 35. Rc3 f4 36. Kf1 Kd7 37. Ke2 Rg5 38. Kf1 fxe3 39. Bxe3 Rf5+
1/2-1/2

[Event "3MCRV_F"]
[Site "?"]
[Date "2003.??.??"]
[Round "?"]
[White "Brousek, Jiri"]
[Black "Juhasz, Jozef"]
[Result "1/2-1/2"]
[WhiteElo "2361"]
[BlackElo "2188"]
[PlyCount "99"]
[EventDate "2003.??.??"]
[EventType "corr"]

1. d4 Nf6 2. Nf3 d5 3. e3 e6 4. Bd3 c5 5. b3 Nc6 6. O-O Bd6 7. Bb2 cxd4 8. exd4
b6 9. Ne5 Bb7 10. Nd2 O-O 11. f4 Nb4 12. Be2 Rc8 13. c3 Nc6 14. Bd3 Qc7 15. Qf3
a6 16. Rae1 b5 17. Qh3 Ne7 18. Re2 Rb8 19. g4 Rfc8 20. Ndf3 Rf8 21. f5 exf5 22.
gxf5 Bc8 23. Rg2 Ng6 24. Bc1 Be7 25. Bd2 Rb6 26. Ng4 Nxg4 27. Rxg4 Rf6 28. Qh5
Bd6 29. Kh1 Nf4 30. Qg5 Ng6 31. Rfg1 Rd8 32. Qh5 Re8 33. Nh4 Bxh2 34. Nxg6 fxg6
35. Qxh2 Qxh2+ 36. Kxh2 Bxf5 37. Bxf5 Rxf5 38. Kg3 Kf7 39. Rf4 Re2 40. Rg2
Rxg2+ 41. Kxg2 Rxf4 42. Bxf4 h6 43. c4 dxc4 44. bxc4 bxc4 45. Kf3 g5 46. Be5 h5
47. d5 g4+ 48. Kf4 g6 49. a4 Ke7 50. a5 1/2-1/2

[Event "3MCRV_F"]
[Site "?"]
[Date "2003.??.??"]
[Round "?"]
[White "Schwarz, Jan"]
[Black "Kuta, Jiri"]
[Result "1/2-1/2"]
[WhiteElo "2292"]
[BlackElo "2326"]
[PlyCount "58"]
[EventDate "2003.??.??"]
[EventType "corr"]

1. e4 c5 2. Nf3 Nc6 3. d4 cxd4 4. Nxd4 Nf6 5. Nc3 e5 6. Ndb5 d6 7. Bg5 a6 8.
Na3 b5 9. Bxf6 gxf6 10. Nd5 f5 11. Bd3 Be6 12. O-O Bxd5 13. exd5 Ne7 14. c3 Bg7
15. Qh5 e4 16. Be2 O-O 17. Nc2 f4 18. f3 f5 19. fxe4 fxe4 20. Bg4 Kh8 21. Rae1
Be5 22. Be6 e3 23. Nb4 Ng6 24. Bf5 Qf6 25. Be4 Qg7 26. Nd3 Rae8 27. Re2 Rf6 28.
Kh1 Ref8 29. a3 a5 1/2-1/2

[Event "3MCRV_F"]
[Site "?"]
[Date "2003.??.??"]
[Round "?"]
[White "Kuchtova, Ruzena"]
[Black "Kuchta, Jiri"]
[Result "1/2-1/2"]
[WhiteElo "2214"]
[BlackElo "2299"]
[PlyCount "49"]
[EventDate "2003.??.??"]
[EventType "corr"]

1. c4 Nf6 2. Nc3 e5 3. Nf3 Nc6 4. a3 d5 5. cxd5 Nxd5 6. Qc2 Be7 7. e3 O-O 8.
Nxd5 Qxd5 9. Bc4 Qd6 10. b4 a6 11. Bb2 Be6 12. O-O Bf6 13. Bd3 h6 14. Bh7+ Kh8
15. Be4 Bd5 16. Bc3 Rfe8 17. Bxd5 Qxd5 18. d3 Rad8 19. Rfd1 Rd7 20. e4 Qe6 21.
Rab1 Red8 22. h3 Ne7 23. Kh2 Ng6 24. g3 h5 25. Ba1 1/2-1/2

[Event "3MCRV_F"]
[Site "?"]
[Date "2003.??.??"]
[Round "?"]
[White "Priesol, Daniel"]
[Black "Pytlik, Lesek"]
[Result "1/2-1/2"]
[WhiteElo "2304"]
[BlackElo "2316"]
[PlyCount "53"]
[EventDate "2003.??.??"]
[EventType "corr"]

1. d4 Nf6 2. c4 e6 3. Nc3 Bb4 4. e3 O-O 5. Bd3 d5 6. Nf3 c5 7. O-O dxc4 8. Bxc4
cxd4 9. exd4 b6 10. Bg5 Bb7 11. Rc1 Nbd7 12. Re1 Rc8 13. Bd3 Re8 14. Qe2 Bxc3
15. bxc3 Qc7 16. Ne5 Nxe5 17. dxe5 Qc6 18. Qf1 Qc5 19. Bb5 Rf8 20. Bxf6 gxf6
21. exf6 Qf5 22. Ba6 Bxa6 23. Qxa6 Rc7 24. Re3 Qxf6 25. Rf3 Qe5 26. Qd3 Qd5 27.
Qe3 1/2-1/2

[Event "3MCRV_F"]
[Site "?"]
[Date "2003.??.??"]
[Round "?"]
[White "Schwarz, Jan"]
[Black "Brousek, Jiri"]
[Result "1/2-1/2"]
[WhiteElo "2292"]
[BlackElo "2361"]
[PlyCount "116"]
[EventDate "2003.??.??"]
[EventType "corr"]

1. e4 e6 2. d4 d5 3. Nd2 dxe4 4. Nxe4 Bd7 5. Nf3 Bc6 6. Ned2 Nd7 7. Bd3 Ngf6 8.
O-O Be7 9. Re1 O-O 10. c3 a6 11. Qc2 Bxf3 12. Nxf3 c5 13. Bf4 cxd4 14. Nxd4 Nc5
15. Bc4 b5 16. Nc6 Qd7 17. Nxe7+ Qxe7 18. Be2 Rad8 19. Be5 Ncd7 20. Bc7 Rc8 21.
Bg3 Nc5 22. Rad1 Rfd8 23. Bh4 h6 24. f3 Qc7 25. Bg3 Qc6 26. Bf2 Nd5 27. Rd4 Nb7
28. Bd3 Nc5 29. Bf1 Nb7 30. Red1 Rd7 31. c4 Nd6 32. b3 Nf5 33. Qe4 Nxd4 34.
cxd5 Nxf3+ 35. Qxf3 Rxd5 36. a4 bxa4 37. bxa4 Rxd1 38. Qxd1 a5 39. Qd4 Qc7 40.
Bg3 Qe7 41. Be1 Rc5 42. Bc3 e5 43. Qe3 Qc7 44. Bd2 Rd5 45. Bb5 Qd8 46. Be1 Qc7
47. h3 Rd1 48. Kh2 Qd6 49. Bf2 e4+ 50. Bg3 Qd5 51. Qc3 Kh7 52. Be5 f6 53. Bc7
Qg5 54. Qc2 Re1 55. Bg3 Qc1 56. Qxc1 Rxc1 57. Bf2 f5 58. Be3 Rc2 1/2-1/2

[Event "3MCRV_F"]
[Site "?"]
[Date "2003.??.??"]
[Round "?"]
[White "Bures, Jilji"]
[Black "Pytlik, Lesek"]
[Result "1/2-1/2"]
[WhiteElo "2295"]
[BlackElo "2316"]
[PlyCount "52"]
[EventDate "2003.??.??"]
[EventType "corr"]

1. e4 e6 2. d4 d5 3. Nc3 Bb4 4. Nge2 dxe4 5. a3 Be7 6. Nxe4 Nc6 7. Bf4 Nf6 8.
Qd3 O-O 9. O-O-O b6 10. Nxf6+ Bxf6 11. Qg3 Bh4 12. Qe3 Ne7 13. Nc3 Bb7 14. Bd3
Nf5 15. Bxf5 exf5 16. Qe5 Qd7 17. Qxc7 Qxc7 18. Bxc7 Bxf2 19. d5 Rac8 20. Bf4
Rfd8 21. Rd2 Bc5 22. Re1 Bf8 23. d6 Rd7 24. Nd5 Bxd5 25. Rxd5 f6 26. Rxf5 Bxd6
1/2-1/2

[Event "3MCRV_F"]
[Site "?"]
[Date "2003.??.??"]
[Round "?"]
[White "Kuta, Jiri"]
[Black "Pecka, Josef"]
[Result "1/2-1/2"]
[WhiteElo "2326"]
[BlackElo "2281"]
[PlyCount "75"]
[EventDate "2003.??.??"]
[EventType "corr"]

1. d4 d5 2. c4 c6 3. Nf3 Nf6 4. Nc3 dxc4 5. a4 Bg4 6. Ne5 Bh5 7. h3 Na6 8. g4
Bg6 9. Bg2 Nb4 10. O-O Bc2 11. Qd2 Bb3 12. Ne4 Nc2 13. Nc5 Rc8 14. Rb1 Qxd4 15.
Nxb7 Nd5 16. Qg5 e6 17. e4 h6 18. Qh5 g6 19. Nxg6 fxg6 20. Qxg6+ Ke7 21. exd5
cxd5 22. Na5 Qg7 23. Qh5 Bxa4 24. b3 Be8 25. Qh4+ Qf6 26. g5 hxg5 27. Qg3 Nd4
28. Re1 Qf5 29. Bxg5+ Kd7 30. Qe3 Rg8 31. h4 Nc2 32. Qxa7+ Rc7 33. Nb7 Rxg5 34.
hxg5 Nxe1 35. Rxe1 c3 36. Qa4+ Ke7 37. Qa6 Kd7 38. Qa4+ 1/2-1/2

[Event "3MCRV_F"]
[Site "?"]
[Date "2003.??.??"]
[Round "?"]
[White "Hladecek, Miloslav"]
[Black "Brousek, Jiri"]
[Result "1-0"]
[WhiteElo "2275"]
[BlackElo "2361"]
[PlyCount "31"]
[EventDate "2003.??.??"]
[EventType "corr"]

1. e4 e6 2. d4 d5 3. Nc3 dxe4 4. Nxe4 Bd7 5. Nf3 Bc6 6. Bd3 Nd7 7. c3 Ngf6 8.
Nxf6+ gxf6 9. O-O Nb6 10. c4 Qd7 11. a4 a6 12. Qe2 Bxa4 13. Be3 O-O-O 14. c5
Nd5 15. Bxa6 Kb8 16. Bc4 1-0

[Event "3MCRV_F"]
[Site "?"]
[Date "2003.??.??"]
[Round "?"]
[White "Kuta, Jiri"]
[Black "Brousek, Jiri"]
[Result "1/2-1/2"]
[WhiteElo "2326"]
[BlackElo "2361"]
[PlyCount "63"]
[EventDate "2003.??.??"]
[EventType "corr"]

1. d4 e6 2. c4 f5 3. g3 Nf6 4. Bg2 c6 5. Nh3 Na6 6. O-O d5 7. b3 Be7 8. Nc3 O-O
9. Nf4 Ne4 10. Bb2 Nd6 11. cxd5 exd5 12. e3 Ne4 13. a3 Bd6 14. Nce2 Qe7 15. Nd3
Nb8 16. Qc2 Nd7 17. Rfe1 a5 18. Bc1 a4 19. b4 Nb6 20. Nc5 Nc4 21. Nxa4 Re8 22.
Nc5 b6 23. Nd3 Ba6 24. Nc3 Qf6 25. Nb2 Kh8 26. f4 Nxc3 27. Qxc3 Nxb2 28. Bxb2
Bc4 29. Qc2 Qg6 30. Bf3 b5 31. Bc3 Qe6 32. Kg2 1/2-1/2

[Event "3MCRV_F"]
[Site "?"]
[Date "2003.??.??"]
[Round "?"]
[White "Nevole, Milan"]
[Black "Bures, Jilji"]
[Result "1/2-1/2"]
[WhiteElo "2238"]
[BlackElo "2295"]
[PlyCount "45"]
[EventDate "2003.??.??"]
[EventType "corr"]

1. d4 d5 2. c4 e6 3. Nf3 Nf6 4. Nc3 c6 5. e3 Nbd7 6. Bd3 dxc4 7. Bxc4 b5 8. Bd3
a6 9. e4 c5 10. e5 cxd4 11. Nxb5 Nxe5 12. Nxe5 axb5 13. O-O Qd5 14. Qe2 Ba6 15.
Bg5 Be7 16. f4 O-O 17. Rf3 Bb7 18. Rg3 Rxa2 19. Rxa2 Qxa2 20. Bxf6 Bxf6 21. Nd7
Be7 22. Bxh7+ Kxh7 23. Rxg7+ 1/2-1/2

[Event "3MCRV_F"]
[Site "?"]
[Date "2003.??.??"]
[Round "?"]
[White "Lounek, Jan"]
[Black "Skalicky, Frantisek"]
[Result "1-0"]
[WhiteElo "2337"]
[BlackElo "2306"]
[PlyCount "81"]
[EventDate "2003.??.??"]
[EventType "corr"]

1. e4 e5 2. Nf3 Nc6 3. Bb5 a6 4. Ba4 Nf6 5. O-O Be7 6. Re1 b5 7. Bb3 d6 8. c3
O-O 9. h3 Na5 10. Bc2 c5 11. d4 Qc7 12. Nbd2 cxd4 13. cxd4 Nc6 14. Nb3 a5 15.
Be3 a4 16. Nbd2 Be6 17. a3 Na5 18. Bd3 Qb8 19. Qe2 b4 20. axb4 Qxb4 21. Reb1
exd4 22. Bxd4 Nb3 23. Nxb3 axb3 24. Bc3 Qc5 25. Nd4 Kh8 26. Rxa8 Rxa8 27. Re1
Ra4 28. Nxe6 fxe6 29. e5 dxe5 30. Bxe5 Qd5 31. Bc3 Bf8 32. Rd1 Ne4 33. Bxe4
Qxe4 34. Qb5 Ra7 35. Qxb3 Kg8 36. Re1 Qd5 37. Qb6 Re7 38. Qe3 Re8 39. Qe4 g5
40. Qxd5 exd5 41. Rxe8 1-0

[Event "3MCRV_F"]
[Site "?"]
[Date "2003.??.??"]
[Round "?"]
[White "Pytlik, Lesek"]
[Black "Skalicky, Frantisek"]
[Result "1-0"]
[WhiteElo "2316"]
[BlackElo "2306"]
[PlyCount "67"]
[EventDate "2003.??.??"]
[EventType "corr"]

1. e4 e5 2. Nf3 Nc6 3. d4 exd4 4. Nxd4 Nf6 5. Nxc6 bxc6 6. Bd3 d6 7. O-O Be7 8.
c3 O-O 9. h3 Re8 10. Be3 c5 11. Nd2 Rb8 12. Qc2 Nd7 13. f4 Bf8 14. Rae1 Bb7 15.
Nf3 g6 16. b3 Nb6 17. f5 Bg7 18. Ng5 Bf6 19. h4 Qe7 20. fxg6 fxg6 21. e5 Bxe5
22. Rf7 Qxf7 23. Nxf7 Kxf7 24. h5 Re6 25. Rf1+ Kg7 26. Qf2 Rf6 27. Qh4 Nd5 28.
Bh6+ Kf7 29. Qa4 Ne7 30. Bg5 Rxf1+ 31. Kxf1 Ke6 32. Bxe7 Kxe7 33. Qxa7 Rf8+ 34.
Kg1 1-0

[Event "3MCRV_F"]
[Site "?"]
[Date "2003.??.??"]
[Round "?"]
[White "Svoboda, Frantisek"]
[Black "Schwarz, Jan"]
[Result "1/2-1/2"]
[WhiteElo "2398"]
[BlackElo "2292"]
[PlyCount "66"]
[EventDate "2003.??.??"]
[EventType "corr"]

1. c4 Nf6 2. Nc3 e5 3. Nf3 Nc6 4. g3 d5 5. cxd5 Nxd5 6. Bg2 Nb6 7. O-O Be7 8.
a3 Be6 9. b4 O-O 10. Rb1 f6 11. d3 Nd4 12. Bb2 Nxf3+ 13. Bxf3 c6 14. Qc2 a5 15.
b5 cxb5 16. Nxb5 Qd7 17. Bc3 Rfc8 18. d4 exd4 19. Rfd1 Bc5 20. e3 Bf5 21. Be4
Bxe4 22. Qxe4 Qc6 23. Qxc6 bxc6 24. Nxd4 Na4 25. Rb3 Rd8 26. Rc1 Nxc3 27. Rcxc3
Bxd4 28. exd4 Rxd4 29. Rxc6 Ra7 30. Kg2 Kf7 31. Rbc3 Rad7 32. Ra6 Ra4 33. Rb6
Rad4 1/2-1/2

[Event "3MCRV_F"]
[Site "?"]
[Date "2003.??.??"]
[Round "?"]
[White "Svoboda, Frantisek"]
[Black "Brousek, Jiri"]
[Result "1/2-1/2"]
[WhiteElo "2398"]
[BlackElo "2361"]
[PlyCount "67"]
[EventDate "2003.??.??"]
[EventType "corr"]

1. c4 e5 2. Nc3 d6 3. g3 f5 4. Bg2 Nf6 5. e3 c6 6. Nge2 Be7 7. O-O O-O 8. d3
Be6 9. f4 Nbd7 10. b3 Qe8 11. fxe5 dxe5 12. d4 Rd8 13. Qc2 Qf7 14. Bd2 Bd6 15.
Rad1 e4 16. d5 cxd5 17. cxd5 Nxd5 18. Nxe4 Be7 19. Nd4 Rc8 20. Qd3 Ne5 21. Qb5
Rfd8 22. Nc3 Nxc3 23. Bxc3 Rc5 24. Qb4 Bc8 25. Nxf5 Rxd1 26. Nxe7+ Qxe7 27.
Rxd1 Nc6 28. Bd5+ Rxd5 29. Qc4 Qxe3+ 30. Kg2 Be6 31. Rxd5 Kh8 32. Bd2 Bxd5+ 33.
Qxd5 Qe2+ 34. Kh3 1/2-1/2

[Event "3MCRV_F"]
[Site "?"]
[Date "2003.??.??"]
[Round "?"]
[White "Kuchta, Jiri"]
[Black "Kuta, Jiri"]
[Result "1/2-1/2"]
[WhiteElo "2299"]
[BlackElo "2326"]
[PlyCount "37"]
[EventDate "2003.??.??"]
[EventType "corr"]

1. Nf3 Nf6 2. d4 c5 3. d5 b5 4. c4 g6 5. cxb5 a6 6. e3 axb5 7. Bxb5 Ba6 8. Bxa6
Qa5+ 9. Nc3 Qxa6 10. e4 d6 11. Qe2 Bg7 12. Qxa6 Nxa6 13. Ke2 Nd7 14. a4 O-O 15.
h4 Nb4 16. h5 Nc2 17. Ra2 Nb4 18. Ra3 Nc2 19. Ra2 1/2-1/2

[Event "3MCRV_F"]
[Site "?"]
[Date "2003.??.??"]
[Round "?"]
[White "Priesol, Daniel"]
[Black "Kuchtova, Ruzena"]
[Result "1/2-1/2"]
[WhiteElo "2304"]
[BlackElo "2214"]
[PlyCount "44"]
[EventDate "2003.??.??"]
[EventType "corr"]

1. d4 d5 2. c4 c6 3. Nc3 Nf6 4. Nf3 e6 5. e3 Nbd7 6. Bd3 dxc4 7. Bxc4 Bd6 8. e4
e5 9. dxe5 Nxe5 10. Nxe5 Bxe5 11. Qxd8+ Kxd8 12. Bxf7 Rf8 13. Bb3 Bxc3+ 14.
bxc3 Nxe4 15. Ba3 Re8 16. Bf7 Re5 17. O-O-O+ Kc7 18. Rhe1 Rf5 19. Rxe4 Rxf7 20.
Bd6+ Kb6 21. f3 Bf5 22. Rf4 a5 1/2-1/2

[Event "3MCRV_F"]
[Site "?"]
[Date "2003.??.??"]
[Round "?"]
[White "Bures, Jilji"]
[Black "Kostal, Jindrich"]
[Result "1/2-1/2"]
[WhiteElo "2295"]
[BlackElo "2364"]
[PlyCount "48"]
[EventDate "2003.??.??"]
[EventType "corr"]

1. e4 e5 2. Nf3 Nc6 3. Bb5 a6 4. Ba4 Nf6 5. O-O Be7 6. Re1 b5 7. Bb3 d6 8. c3
O-O 9. h3 Nb8 10. d4 Nbd7 11. Nbd2 Bb7 12. Bc2 c5 13. b3 Re8 14. d5 Qc7 15. a4
Reb8 16. Nh4 g6 17. Nhf3 Bf8 18. Qe2 h6 19. axb5 axb5 20. Rxa8 Rxa8 21. Qxb5
Ba6 22. Qa4 Bb7 23. Qc4 Ba6 24. Qa4 Bb7 1/2-1/2

[Event "3MCRV_F"]
[Site "?"]
[Date "2003.??.??"]
[Round "?"]
[White "Brousek, Jiri"]
[Black "Lounek, Jan"]
[Result "1/2-1/2"]
[WhiteElo "2361"]
[BlackElo "2337"]
[PlyCount "124"]
[EventDate "2003.??.??"]
[EventType "corr"]

1. d4 Nf6 2. Nf3 e6 3. Bg5 h6 4. Bf4 c5 5. e3 Nc6 6. Nc3 cxd4 7. exd4 Bb4 8.
Bd3 Nd5 9. Bd2 Nxc3 10. bxc3 Bd6 11. O-O b6 12. Qe2 Bb7 13. c4 Qc7 14. a4 O-O
15. Rfb1 Rac8 16. a5 Nxa5 17. c5 Be7 18. c4 d6 19. cxd6 Bxd6 20. c5 Be7 21.
Bxa5 bxa5 22. Ba6 Bxf3 23. Qxf3 Rb8 24. Rb7 Rxb7 25. Qxb7 Qxb7 26. Bxb7 Rb8 27.
c6 Bd8 28. f4 Bc7 29. Kf2 g5 30. fxg5 hxg5 31. Ke3 Kf8 32. Kd3 Ke7 33. Ra2 Rd8
34. Kc3 g4 35. Kc4 Rh8 36. g3 Rd8 37. Ba6 Bb6 38. Rd2 a4 39. d5 a3 40. Kb3 a2
41. Kxa2 exd5 42. Bd3 Kd6 43. Bf5 Kxc6 44. Bxg4 Kd6 45. Rd3 Rg8 46. Bf3 d4 47.
Bd1 Re8 48. Kb3 Kd5 49. Bf3+ Ke5 50. Rd2 Rb8 51. Re2+ Kd6 52. Be4 Bc5+ 53. Kc2
a5 54. Bd3 Ba3 55. Bc4 Rb2+ 56. Kd3 Rxe2 57. Kxe2 f5 58. Kd3 Ke5 59. Bb5 Bc1
60. Bd7 Be3 61. Ke2 f4 62. gxf4+ Bxf4 1/2-1/2

[Event "3MCRV_F"]
[Site "?"]
[Date "2003.??.??"]
[Round "?"]
[White "Priesol, Daniel"]
[Black "Hladecek, Miloslav"]
[Result "1/2-1/2"]
[WhiteElo "2304"]
[BlackElo "2275"]
[PlyCount "37"]
[EventDate "2003.??.??"]
[EventType "corr"]

1. e4 e5 2. Nf3 Nc6 3. d4 exd4 4. Nxd4 Bc5 5. Nxc6 Qf6 6. Qd2 dxc6 7. Nc3 Be6
8. Na4 Rd8 9. Bd3 Bd6 10. Qe3 Bb4+ 11. Bd2 Bxd2+ 12. Qxd2 Qd4 13. Nc3 Nf6 14.
Qf4 Nd5 15. Nxd5 cxd5 16. O-O dxe4 17. Qxe4 Qxe4 18. Bxe4 Ke7 19. Rfe1 1/2-1/2

[Event "3MCRV_F"]
[Site "?"]
[Date "2003.??.??"]
[Round "?"]
[White "Svoboda, Frantisek"]
[Black "Skalicky, Frantisek"]
[Result "1-0"]
[WhiteElo "2398"]
[BlackElo "2306"]
[PlyCount "47"]
[EventDate "2003.??.??"]
[EventType "corr"]

1. c4 e5 2. Nc3 Nf6 3. Nf3 Nc6 4. g3 d5 5. cxd5 Nxd5 6. Bg2 Nb6 7. O-O Be7 8.
a3 O-O 9. b4 Re8 10. d3 Bf8 11. Bb2 a5 12. b5 Nd4 13. Nd2 c6 14. bxc6 Nxc6 15.
Rb1 Be6 16. Nf3 Rc8 17. Re1 f6 18. Bc1 Nd5 19. Nxd5 Bxd5 20. Qa4 Nd4 21. Nxd4
Bxg2 22. Kxg2 exd4 23. Rb5 Rxe2 24. Rxe2 1-0

[Event "3MCRV_F"]
[Site "?"]
[Date "2003.??.??"]
[Round "?"]
[White "Juhasz, Jozef"]
[Black "Lounek, Jan"]
[Result "0-1"]
[WhiteElo "2188"]
[BlackElo "2337"]
[PlyCount "102"]
[EventDate "2003.??.??"]
[EventType "corr"]

1. e4 c5 2. Nf3 d6 3. Nc3 Nf6 4. d4 cxd4 5. Nxd4 a6 6. Be2 e5 7. Nb3 Be7 8. O-O
O-O 9. Qd3 Nc6 10. a3 Be6 11. Nd5 Bxd5 12. exd5 e4 13. Qd1 Ne5 14. Qd4 Qd7 15.
Nd2 Qf5 16. c4 Rfe8 17. b4 Nd3 18. Bxd3 exd3 19. Rb1 Nh5 20. Ne4 Bf6 21. Nxd6
Qg6 22. Qb6 Be5 23. c5 Bxd6 24. Qxd6 Qf5 25. Bd2 Nf6 26. Qg3 Qxd5 27. Bc3 Nh5
28. Qg4 Re4 29. f4 Rc4 30. Bb2 d2 31. Rbd1 Re8 32. h3 g6 33. Kh2 Rc2 34. Be5 f6
35. Bd6 f5 36. Qh4 b6 37. Rf2 h6 38. Rff1 bxc5 39. bxc5 Kh7 40. Qf2 Nf6 41. Be5
Ne4 42. Qe3 Rd8 43. c6 Rxc6 44. Qa7+ Qd7 45. Qg1 a5 46. Rf3 a4 47. Qf1 Rc5 48.
Qg1 Qc6 49. Rff1 Rd7 50. Qe3 Rb5 51. Qe2 Rb3 0-1

[Event "3MCRV_F"]
[Site "?"]
[Date "2003.??.??"]
[Round "?"]
[White "Sykora, Josef"]
[Black "Juhasz, Jozef"]
[Result "1-0"]
[WhiteElo "2365"]
[BlackElo "2188"]
[PlyCount "61"]
[EventDate "2003.??.??"]
[EventType "corr"]

1. c4 e5 2. Nc3 Nf6 3. Nf3 Nc6 4. g3 Bb4 5. Bg2 O-O 6. O-O e4 7. Ng5 Bxc3 8.
bxc3 Re8 9. f3 e3 10. d3 d5 11. Qb3 Na5 12. Qa3 c6 13. cxd5 Nxd5 14. f4 b6 15.
c4 Ne7 16. Qc3 Nf5 17. Bb2 f6 18. Ne4 Nd6 19. Nxd6 Qxd6 20. c5 Qxc5 21. Qxc5
bxc5 22. Ba3 Nb7 23. Bxc6 Re7 24. Rab1 a5 25. Rb5 Ra7 26. Rfb1 Kf7 27. Be4 Nd8
28. Rb8 Rec7 29. R1b5 Nc6 30. Bf5 Nxb8 31. Rxb8 1-0

[Event "3MCRV_F"]
[Site "?"]
[Date "2003.??.??"]
[Round "?"]
[White "Lounek, Jan"]
[Black "Schwarz, Jan"]
[Result "1-0"]
[WhiteElo "2337"]
[BlackElo "2292"]
[PlyCount "134"]
[EventDate "2003.??.??"]
[EventType "corr"]

1. e4 e5 2. Nf3 Nc6 3. Bb5 a6 4. Ba4 Nf6 5. O-O Be7 6. Re1 b5 7. Bb3 d6 8. c3
O-O 9. h3 Na5 10. Bc2 c5 11. d4 Qc7 12. Nbd2 Re8 13. Nf1 g6 14. Ng3 Bf8 15. Bg5
Bg7 16. d5 h6 17. Bc1 Nc4 18. b3 Nb6 19. Be3 Bd7 20. Qd2 Kh7 21. Qe2 c4 22.
Bxb6 Qxb6 23. bxc4 Qa5 24. Bd3 bxc4 25. Bxc4 Qxc3 26. Bxa6 Reb8 27. Rab1 Ba4
28. Bc4 Nd7 29. Nd2 Nc5 30. Ngf1 Kg8 31. Rec1 Qd4 32. Rxb8+ Rxb8 33. Nh2 Rd8
34. Nhf3 Qb2 35. Rb1 Qa3 36. Nb3 Rb8 37. Kh2 Be8 38. Nfd2 Nd7 39. Na1 Rxb1 40.
Nxb1 Qa7 41. Bb5 f5 42. Nc3 Bf7 43. Bxd7 Qxd7 44. f3 Be8 45. Qc4 Bf8 46. a4 Qd8
47. Nb3 f4 48. a5 Bd7 49. Na2 Qb8 50. Nb4 Bb5 51. Nc6 Qb7 52. Qc3 Qa6 53. Nd8
Qa7 54. Ne6 Qf2 55. Nxf8 Kxf8 56. Qb4 Qg3+ 57. Kg1 Ke7 58. Qxb5 Qe1+ 59. Qf1
Qe3+ 60. Qf2 Qxb3 61. Qa7+ Ke8 62. a6 Qb4 63. Qa8+ Kd7 64. Qc6+ Kd8 65. Kh2 Qb8
66. a7 Qxa7 67. Qxd6+ Kc8 1-0